000 01025nam a2200241 a 4500
003 BD-DhJNU
005 20260408062537.0
008 260508s2013 bg |||g |||| 000 1|ben|d
020 _a8124702977
040 _aBD-DhJNU
_bben
_cBD-DhJNU
_dBD-DhJNU
041 _aben
082 _a181.45 SHC
_223
100 _aশাস্ত্রী, দক্ষিণারঞ্জন
245 1 0 _aচার্বাক দর্শন /
_cদক্ষিণারঞ্জন শাস্ত্রী
246 _aCharvak Darshan
250 _a2nd ed.
260 _aভারত :
_bপশ্চিমবঙ্গ রাজ্য পুস্তক পর্ষৎ (ভারত),
_c2013.
300 _a১৯১ পৃ. :
_bচিত্র ;
_c২২ সেমি.।
504 _aগ্রন্থপঞ্জিগত নির্দেশিকা ও নিঘন্ট অন্তভূক্ত
650 _aচার্বাক দর্শন
650 _aIndian Materialism -- Philosophy
942 _cBK
999 _c2661
_d2661